| 000 | 004260000a22001690004500 | ||
|---|---|---|---|
| 003 | MACL | ||
| 005 | 20150816154133.0 | ||
| 008 | 150816b xxu||||| |||| 00| 0 eng d | ||
| 040 |
_aMACL _cMACL |
||
| 041 | _aEnglish | ||
| 082 | _a510/BOS | ||
| 100 |
_aBose, P K _93593 |
||
| 245 | _aWhy Statistics And Other Essays | ||
| 260 |
_bStatistical Publishing _c1986 _aCalcutta |
||
| 650 |
_aMathsmatices _95612 |
||
| 942 |
_cBK _k510 _2ddc |
||
| 999 |
_c5753 _d5753 |
||